LEADER 01872nam0-2200553-i-450- 001 990009804240403321 005 20131219135224.0 010 $a978-3-0348-0536-0$bhardback 035 $a000980424 035 $aFED01000980424 035 $a(Aleph)000980424FED01 035 $a000980424 100 $a20131219d2013----km-y0itay50------ba 101 0 $aeng 102 $aCH 105 $aa---a---101yy 200 1 $aOperator theory, pseudo-differential equations, and mathematical physics$ethe Vladimir Rabinovich anniversary volume$fYuri I. Karlovich, Luigi Rodino, Bernd Silbermann, Ilya M. Spitkovsky, editors 210 $aBasel$cBirkhäuser$d2013 215 $aXXV, 406 p.$d24 cm 225 1 $aOperator theory$eadvances and applications$v228 610 0 $aTeoria degli operatori$aAtti di conferenze 610 0 $aEquazioni differenziali alle derivate parziali$aAtti di conferenze 610 0 $aVolume commemorativi 610 0 $aCollezioni di articoli di contenuto specifico vario 610 0 $aTeoria generale degli operatori lineari 610 0 $aClassi speciali di operatori lineari 610 0 $aEquazioni paraboliche e sistemi parabolici 610 0 $aEquazioni della fisica matematica e di altre aree applicative 676 $a515.7242$v21$zita 676 $a515.353$v21$zita 702 1$aKarlovich,$bYuri I. 702 1$aRodino,$bLuigi 702 1$aSilbermann,$bBernd 702 1$aSpitkovsky,$bIlya M. 801 0$aIT$bUNINA$gREICAT$2UNIMARC 901 $aBK 912 $a990009804240403321 952 $aC-5-(228$b328$fMA1 959 $aMA1 962 $a47-06 962 $a35-06 962 $a00B30 962 $a00B15 962 $a47AXX 962 $a47BXX 962 $a35KXX 962 $a35QXX 996 $aOperator theory, pseudo-differential equations, and mathematical physics$9837695 997 $aUNINA LEADER 04823nam 22008655 450 001 9910300372303321 005 20200706151730.0 010 $a88-470-2808-6 024 7 $a10.1007/978-88-470-2808-1 035 $a(CKB)3710000000143988 035 $a(EBL)1783721 035 $a(SSID)ssj0001274720 035 $a(PQKBManifestationID)11993903 035 $a(PQKBTitleCode)TC0001274720 035 $a(PQKBWorkID)11333315 035 $a(PQKB)10440727 035 $a(DE-He213)978-88-470-2808-1 035 $a(MiAaPQ)EBC6310705 035 $a(MiAaPQ)EBC1783721 035 $a(Au-PeEL)EBL1783721 035 $a(CaPaEBR)ebr10966035 035 $a(OCoLC)896367722 035 $z(PPN)258868236 035 $a(PPN)179765825 035 $a(EXLCZ)993710000000143988 100 $a20140624d2014 u| 0 101 0 $aeng 135 $aur|n|---||||| 181 $ctxt 182 $cc 183 $acr 200 10$aAtomic Spectroscopy and Radiative Processes /$fby Egidio Landi Degl'Innocenti 205 $a1st ed. 2014. 210 1$aMilano :$cSpringer Milan :$cImprint: Springer,$d2014. 215 $a1 online resource (432 p.) 225 1 $aUNITEXT for Physics,$x2198-7882 300 $aDescription based upon print version of record. 311 $a88-470-2807-8 320 $aIncludes bibliographical references and index. 327 $aGeneral laws of the electromagnetic field -- Spectrum and polarisation -- Radiation from moving charges -- Quantisation of the electromagnetic field -- Relativistic wave equations -- Atoms with a single valence electron -- Atoms with multiple valence electrons -- Term energies -- More details on the spectra -- Laws of thermodynamic equilibrium -- Interaction between matter and radiation -- Selection rules and line strengths -- Non-equilibrium plasmas -- Radiative transfer -- Second order processes. 330 $aThis book describes the basic physical principles of atomic spectroscopy and the absorption and emission of radiation in astrophysical and laboratory plasmas. It summarizes the basics of electromagnetism and thermodynamics and then describes in detail the theory of atomic spectra for complex atoms, with emphasis on astrophysical applications. Both equilibrium and non-equilibrium phenomena in plasmas are considered. The interaction between radiation and matter is described, together with various types of radiation (e.g., cyclotron, synchrotron, bremsstrahlung, Compton). The basic theory of polarization is explained, as is the theory of radiative transfer for astrophysical applications. Atomic Spectroscopy and Radiative Processes bridges the gap between basic books on atomic spectroscopy and the very specialized publications for the advanced researcher: it will provide under- and postgraduates with a clear in-depth description of theoretical aspects, supported by practical examples of applications. 410 0$aUNITEXT for Physics,$x2198-7882 606 $aAstrophysics 606 $aAtomic structure 606 $aMolecular structure 606 $aParticle acceleration 606 $aParticles (Nuclear physics) 606 $aQuantum field theory 606 $aSpace sciences 606 $aAstrophysics and Astroparticles$3https://scigraph.springernature.com/ontologies/product-market-codes/P22022 606 $aAtomic/Molecular Structure and Spectra$3https://scigraph.springernature.com/ontologies/product-market-codes/P24017 606 $aParticle Acceleration and Detection, Beam Physics$3https://scigraph.springernature.com/ontologies/product-market-codes/P23037 606 $aElementary Particles, Quantum Field Theory$3https://scigraph.springernature.com/ontologies/product-market-codes/P23029 606 $aSpace Sciences (including Extraterrestrial Physics, Space Exploration and Astronautics)$3https://scigraph.springernature.com/ontologies/product-market-codes/P22030 615 0$aAstrophysics. 615 0$aAtomic structure. 615 0$aMolecular structure. 615 0$aParticle acceleration. 615 0$aParticles (Nuclear physics) 615 0$aQuantum field theory. 615 0$aSpace sciences. 615 14$aAstrophysics and Astroparticles. 615 24$aAtomic/Molecular Structure and Spectra. 615 24$aParticle Acceleration and Detection, Beam Physics. 615 24$aElementary Particles, Quantum Field Theory. 615 24$aSpace Sciences (including Extraterrestrial Physics, Space Exploration and Astronautics). 676 $a539.7 700 $aLandi Degl'Innocenti$b Egidio$4aut$4http://id.loc.gov/vocabulary/relators/aut$0721882 801 0$bMiAaPQ 801 1$bMiAaPQ 801 2$bMiAaPQ 906 $aBOOK 912 $a9910300372303321 996 $aSpettroscopia atomica e processi radiativi$91411340 997 $aUNINA